000 00863nam a22001935i 4500
001 160192
003 ES-MaACL
005 20230906211948.0
008 000406s1870 sp |||| | spa d
040 _aCAM
_bspa
_cCAM
100 1 _aMoreno Gil, Pedro.
_983379
245 1 3 _aEl diablo lo enreda
_b: zarzuela en dos actos /
_coriginal de P. Moreno Gil ; música del maestro D.C. Moderati.
260 _aMadrid :
_b[s.n.],
_c1870 (
_fImprenta de José Rodríguez)
300 _a67 p. ;
_c20 cm.
500 _aEn port.: Representada por primera vez en el Teatro de la Zarzuela el dia 6 de mayo de 1870.
500 _aSolo la letra.
700 1 _aModerati, Cleto.
_9130002
852 _aES-MaACL
_jF-8595(9)
_z-- Enc. pasta española
_q-- Falto de la cub. original
_z-- Enc. en un vol. facticio formando parte de la col. facticia "Teatro español moderno", vol. 48
999 _c160192
_d160192